000 00509nam a2200205 a 4500
001 BRCA_4074
005 20190320204533.0
008 160210s1964----u--#######---#000-0#eng-#
041 _aeng
044 _au
050 4 _aPZ3
_b.C76 1964
100 1 _aCronin, Archibald Joseph.
_910555
245 1 0 _aA Song of Sixpence
_cby A. J. Cronin.
260 _aBoston
_bLittle Brown
_c1964
300 _a344 p.
_c22 cm.
500 _aCEF44
650 1 4 _aLiteratura inglesa
_910556
902 _aGFM
942 _2lcc
_cB
999 _c3796
_d3796